000 00311nam a22001337a 4500
008 181217b xxu||||| |||| 00| 0 eng d
020 _a0132582511
041 _aeng
080 _a510
100 _a36
101 _aMAT
245 _aElementary Linear Algebra with Applications
_cFlorey,F.G
942 _2udc
_cBK
999 _c53151
_d53151